Yüklüyor......
Rural banking in India /
| Yazar: | |
|---|---|
| Materyal Türü: | Printed Book |
| Baskı/Yayın Bilgisi: |
Bombay :
Himalaya Pub. House,
1979.
|
| Edisyon: | 1st ed. |
| Konular: |
| LEADER | 00576nam a2200181 i 4500 | ||
|---|---|---|---|
| 082 | 0 | 0 | |a 332.1/0954 |b DES/RU |
| 100 | 1 | |a Desai, S. S. M. | |
| 245 | 1 | 0 | |a Rural banking in India / |
| 250 | |a 1st ed. | ||
| 260 | |a Bombay : |b Himalaya Pub. House, |c 1979. | ||
| 300 | |a xii, 387 p. ; | ||
| 500 | |a Includes index. | ||
| 650 | 0 | |a Banks and banking | |
| 650 | 0 | |a Agriculture | |
| 650 | 0 | |a Agricultural credit | |
| 942 | |c BK | ||
| 999 | |c 8312 |d 8312 | ||
| 952 | |0 0 |1 0 |4 0 |6 332_100000000000000_0954_DES_RU |7 0 |8 NFIC |9 10961 |a KUFOS |b KUFOS |c GEN |d 2016-07-08 |o 332.1/0954 DES/RU |p 05706 |r 2016-07-08 |w 2016-07-08 |y BK | ||